Music Quiz

Random Music or Album Quiz

'#' Albums by 3 Singles Quiz Stats

 Plays Quiz Updated Sep 23, 2019

Score 0/21 Timer 05:00
7 Plays Today
% Correct
21 (Adele)
94.3%
2001 (Dr. Dre)
92.3%
1989 (Taylor Swift)
90.6%
1984 (Van Halen)
82.5%
1999 (Prince)
77.7%
1000 Forms of Fear (Sia)
75%
4 (Beyoncé)
74.8%
10 (Pearl Jam)
72%
461 Ocean Boulevard (Eric Clapton)
70.9%
The 20|20 Experience (Justin Timberlake)
69.5%
4 (Foreigner)
66.7%
% Correct
21st Century Breakdown (Green Day)
61.6%
24K Magic (Bruno Mars)
60.2%
52nd Street (Billy Joel)
60.2%
8701 (Usher)
57.9%
3 Years, 5 Months & 2 Days in the Life of... (Arrested Development)
46.3%
808s & Heartbreak (Kanye West)
45.6%
18 Months (Calvin Harris)
44.3%
13 (Blur)
43.2%
7|27 (Fifth Harmony)
42.6%
3 Ft High & Rising (De La Soul)
37.2%

You're not logged in!

Compare scores with friends on all Sporcle quizzes.
OR
Log In

Sporcle TV

Today on Sporcle TV


Watch our educational content, quiz creation guides, and fun videos on Sporcle TV.

Show Comments

Extras

Top Quizzes Today


Score Distribution

Your Account Isn't Verified!

In order to create a playlist on Sporcle, you need to verify the email address you used during registration. Go to your Sporcle Settings to finish the process.

Report this User

Report this user for behavior that violates our Community Guidelines.

Details: